| 000 | 00551nam a2200181Ia 4500 | ||
|---|---|---|---|
| 003 | IN-BaIIA | ||
| 008 | 211028s9999 xx 000 0 eng d | ||
| 040 | _cIIA Library | ||
| 080 |
_a621.396.67 _bSMI |
||
| 100 |
_aSmith, R. A _92244 |
||
| 245 | 0 |
_aAerials for metre and decimetre wave-lengths _cR. A. Smith |
|
| 260 |
_aCambridge _bCambridge University Press _c1949 |
||
| 300 | _axi, 218p. | ||
| 490 | _aModern radio technique | ||
| 650 |
_aAntennas _92176 |
||
| 650 | _aNASA Thesaurus | ||
| 942 | _cBK | ||
| 999 |
_c1042 _d1042 |
||